Normal view
MARC view
Entry Personal Name
001 - CONTROL NUMBER
- control field: 35919
003 - CONTROL NUMBER IDENTIFIER
- control field: dpl
005 - DATE AND TIME OF LATEST TRANSACTION
- control field: 20111117153537.0
008 - FIXED-LENGTH DATA ELEMENTS
- fixed length control field: 111117|||a|||||| | ||| d
040 ## - CATALOGING SOURCE
- Original cataloging agency: dpl
- Transcribing agency: dpl
100 ## - HEADING--PERSONAL NAME
- Personal name: Khan, M.Y.
670 ## - SOURCE DATA FOUND
- Source citation: Work cat.: (dpl)7536: Khan, M.Y., Financial services/, 2008
670 ## - SOURCE DATA FOUND
- Source citation: Work cat.: (dpl)7536: Khan, M.Y., Financial services/, 2008
